Southville International School and Colleges
Your cart is empty.
  • Cart
  • Lists
    Public lists Eva Luna New books Lux_list list_1
    Your lists Log in to create your own lists
  • Log in to your account
  • Your cookies
  • Search history
Southville International School and Colleges
  • Advanced search
  • Recent comments
  • Most popular
  • Libraries

Log in to your account

Log in with GOOGLE


If you do not have an external account, but do have a local account, you can still log in:

  1. Home
  2. MARC view: Forensic accounting and fraud examination
Normal view MARC view ISBD view

Forensic accounting and fraud examination (Record no. 367337)

[ view plain ]
MARC details
000 -LEADER
fixed length control field 00721nam a22002417a 4500
003 - CONTROL NUMBER IDENTIFIER
control field 0
005 - DATE AND TIME OF LATEST TRANSACTION
control field 20250324175042.0
008 - FIXED-LENGTH DATA ELEMENTS--GENERAL INFORMATION
fixed length control field 250324b xxu||||| |||| 00| 0 eng d
020 ## - INTERNATIONAL STANDARD BOOK NUMBER
International Standard Book Number 9781394200924
050 ## - LIBRARY OF CONGRESS CALL NUMBER
Classification number HV 8079
Item number .K73 2024
100 ## - MAIN ENTRY--PERSONAL NAME
Personal name Kranacher, Mary-Jo
245 ## - TITLE STATEMENT
Title Forensic accounting and fraud examination
Statement of responsibility, etc Mary-Jo Kranacher and Richard Riley
250 ## - EDITION STATEMENT
Edition statement Third edition
260 ## - PUBLICATION, DISTRIBUTION, ETC. (IMPRINT)
Place of publication, distribution, etc Hoboken, New Jersey
Name of publisher, distributor, etc John Wiley & Sons
Date of publication, distribution, etc 2024
300 ## - PHYSICAL DESCRIPTION
Extent xv, 617 pages ;
Dimensions 28cm.
504 ## - BIBLIOGRAPHY, ETC. NOTE
Bibliography, etc Includes index.
650 ## - SUBJECT ADDED ENTRY--TOPICAL TERM
Topical term or geographic name as entry element Forensic accounting.
650 ## - SUBJECT ADDED ENTRY--TOPICAL TERM
Topical term or geographic name as entry element Fraud investigation.
650 ## - SUBJECT ADDED ENTRY--TOPICAL TERM
Topical term or geographic name as entry element Auditing.
650 ## - SUBJECT ADDED ENTRY--TOPICAL TERM
Topical term or geographic name as entry element Accounting—Corrupt practices.
700 ## - ADDED ENTRY--PERSONAL NAME
Personal name Riley, Richard.
942 ## - ADDED ENTRY ELEMENTS (KOHA)
Source of classification or shelving scheme Library of Congress Classification
Koha item type Books
Holdings
Withdrawn status Lost status Source of classification or shelving scheme Damaged status Home library Current library Shelving location Date acquired Source of acquisition Sub Shelving location Total Checkouts Full call number Barcode Date last seen Price effective from Koha item type
    Library of Congress Classification   College Library College Library Reserve Section 03/24/2025 Library Fund     HV 8079 .K73 2024 C24262 03/24/2025 03/24/2025 Books

Forensic accounting and fraud examination

APA

Kranacher M., Riley R., . (2024). Forensic accounting and fraud examination. Hoboken, New Jersey: John Wiley & Sons.

Chicago

Kranacher Mary-Jo, Riley Richard, . 2024. Forensic accounting and fraud examination. Hoboken, New Jersey: John Wiley & Sons.

Harvard

Kranacher M., Riley R., . (2024). Forensic accounting and fraud examination. Hoboken, New Jersey: John Wiley & Sons.

MLA

Kranacher Mary-Jo, Riley Richard, . Forensic accounting and fraud examination. Hoboken, New Jersey: John Wiley & Sons. 2024.

  • Place hold
  • Print
  • Cite
  • Add to your cart (remove)
  • Save record
    BIBTEX Dublin Core MARCXML MARC (non-Unicode/MARC-8) MARC (Unicode/UTF-8) MARC (Unicode/UTF-8, Standard) MODS (XML) RIS
  • More searches
    Search for this title in:
    Other Libraries (WorldCat) Other Databases (Google Scholar) Online Stores (Bookfinder.com) Open Library (openlibrary.org)

Exporting to Dublin Core...

SOUTHVILLE LIBRARY

Southville International School and Colleges Library

1281 Tropical Ave. Cor. Luxembourg St., BF Homes International, Las Pinas City

Tel. No. 8256374 / 252358 Loc. 117/146

Powered by Koha